Its Ok Be Angry About Capitalism (Record no. 41466)

MARC details
000 -LEADER
fixed length control field 00364nam a2200133Ia 4500
008 - FIXED-LENGTH DATA ELEMENTS--GENERAL INFORMATION
fixed length control field 240719s9999 xx 000 0 und d
041 ## - LANGUAGE CODE
Language code of text/sound track or separate title eng
082 ## - DEWEY DECIMAL CLASSIFICATION NUMBER
Classification number 330.122 SAN
100 ## - MAIN ENTRY--PERSONAL NAME
Personal name Sanders, Bernie
245 ## - TITLE STATEMENT
Title Its Ok Be Angry About Capitalism
260 ## - PUBLICATION, DISTRIBUTION, ETC.
Place of publication, distribution, etc. USA
Name of publisher, distributor, etc. Penguin Random House
Date of publication, distribution, etc. 2023
300 ## - PHYSICAL DESCRIPTION
Extent 293;. P. 22 cm
520 ## - SUMMARY, ETC.
Summary, etc. Faculty Purchase By Dr. Shyam S
Holdings
Withdrawn status Lost status Damaged status Not for loan Home library Current library Shelving location Date acquired Source of acquisition Cost, normal purchase price Total Holds Full call number Barcode Date last seen Price effective from Koha item type
        IMTN IMTN Rack 7-A 11/22/2023 Amazon 1250.00 12640 330.122 SAN 33161 07/19/2024 11/11/2023 Books
Designed & Maintained by: LRC IMT Nagpur Contact: lrc@imtnag.ac.in© 2024. All Rights Reserved.